Zverejňovanie údajov účtovnej závierky a výročnej správy do obchodného registra diplomová práca

Salvato in:
Dettagli Bibliografici
Autore principale: Vrábelová, Janette
Ente Autore: Podnikovohospodárska fakulta EU so sídlom v Košiciach. Katedra účtovníctva a financií
Altri autori: Škultéty, Jozef
Natura: Libro
Lingua:slovacco
Pubblicazione: Košice 2012
Tags: Aggiungi Tag
Nessun Tag, puoi essere il primo ad aggiungerne!!

MARC

LEADER 00000nbm a2200000 4500
001 0153142
005 20161109102051.4
041 0 |a slo 
044 |a SK 
245 1 0 |a Zverejňovanie údajov účtovnej závierky a výročnej správy do obchodného registra  |b diplomová práca  |c Janette Vrábelová ; školiteľ: Jozef Škultéty 
264 1 |a Košice  |c 2012 
300 |a 93 s. 
100 1 |a Vrábelová, Janette 
700 1 |a Škultéty, Jozef 
710 2 |a Podnikovohospodárska fakulta EU so sídlom v Košiciach. Katedra účtovníctva a financií